| 000 | 00558nam a2200157Ia 4500 | ||
|---|---|---|---|
| 008 | 160316s2006 xxu||||| |||| 00| 0 eng d | ||
| 082 |
_a344.013400 _bPAL |
||
| 100 | _aPallippuram Varghese | ||
| 245 | _aStreet presence Bosco's innovative approach to reaching children on the streets based on reserach into archival material of 25 years | ||
| 250 | _a | ||
| 260 |
_aBangalore _bBOSCO-National Research and Documentation Centre _c2006 |
||
| 300 |
_a198 _b _c |
||
| 365 | _bRs.175 | ||
| 650 | _a1. street children 2. street presence | ||
| 700 |
_aKollashany G _a |
||
| 999 |
_c33850 _d33850 |
||